Social media in the public sector field guide : designing and implementing strategies and policies (Record no. 18309)

MARC details
000 -LEADER
fixed length control field 00443nam a2200145Ia 4500
008 - FIXED-LENGTH DATA ELEMENTS--GENERAL INFORMATION
fixed length control field 230312s9999||||xx |||||||||||||| ||und||
020 ## - INTERNATIONAL STANDARD BOOK NUMBER
International Standard Book Number 0072121041
082 ## - DEWEY DECIMAL CLASSIFICATION NUMBER
Classification number 005.133
Item number BRO-P
100 ## - MAIN ENTRY--PERSONAL NAME
Personal name Mergel,Ines
245 #0 - TITLE STATEMENT
Title Social media in the public sector field guide : designing and implementing strategies and policies
260 ## - PUBLICATION, DISTRIBUTION, ETC.
Name of publisher, distributor, etc. Osborne
Place of publication, distribution, etc. USA
Date of publication, distribution, etc. 2000
300 ## - PHYSICAL DESCRIPTION
Extent 722
650 ## - SUBJECT ADDED ENTRY--TOPICAL TERM
Topical term or geographic name entry element Computer
Form subdivision Python (Langage de programmation)
942 ## - ADDED ENTRY ELEMENTS (KOHA)
Koha item type BOOK
Holdings
Withdrawn status Lost status Source of classification or shelving scheme Damaged status Not for loan Home library Current library Date acquired Total Checkouts Full call number Barcode Date last seen Price effective from Koha item type
    Dewey Decimal Classification     Superior Information Resource Center (SIRC) Superior University- Gold Campus Superior Information Resource Center (SIRC) Superior University- Gold Campus 03/13/2023   005.133 BRO-P 19210 03/13/2023 03/13/2023 BOOK

Powered by Koha